| 000 | 00409nam a22001457a 4500 | ||
|---|---|---|---|
| 082 |
_a624.18341 _bFAB _cL-19, P-39 |
||
| 100 |
_aFaber, John _943098 |
||
| 245 |
_aOscar faber's reinforced concrete _cFaber, John |
||
| 250 | _a1st ed. | ||
| 260 |
_bThe english language book _c1965 |
||
| 300 |
_axv, 532 p. _bill. _c23 cm. |
||
| 526 |
_a0 _b0 _c0 _d624_183410000000000_FAB |
||
| 650 |
_aMCE _9379 |
||
| 942 |
_2ddc _cBK |
||
| 999 |
_c546901 _d546901 |
||